Alejandra Pizarnik.

Zapisane w:
Opis bibliograficzny
1. autor: Piña, Cristina (autora)
Format: Książka
Język:angielski
Wydane: Buenos Aires, Argentina: Planeta, 1992.
Wydanie:Segunda edición.
Seria:Mujeres Argentinas.
Hasła przedmiotowe:
Etykiety: Dodaj etykietę
Nie ma etykietki, Dołącz pierwszą etykiete!

MARC

LEADER 00000nam a22000007a 4500
003 CL-VaPUC
005 20241127100029.0
008 241119t1992 ||||| |||| 00| 0 eng d
999 |c 445820  |d 445818 
020 |a 950-742-103-X 
040 |c Pontificia Universidad Católica de Valparaíso 
082 |2 22  |a Ar868.4 PIÑ 1992 
100 |9 894008  |a Piña, Cristina  |e autora 
245 |a Alejandra Pizarnik. 
250 |a Segunda edición. 
260 |a Buenos Aires, Argentina:  |b Planeta,  |c 1992. 
300 |a 254 páginas. 
490 |a Mujeres Argentinas. 
500 |a c.1: Donación. Memo EDU. 4-11-2024. 
583 |c 20241119  |k Yessy Sthefany Diaz Vidal 
600 0 |9 355362  |a Pizarnik, Alejandra,  |d 1936-1972  |v Crítica e interpretación  |x Poeta y ensayista argentina 
650 0 |9 320596  |a Literatura argentina  |v Ensayos, poemas, etc.  |v Biografías 
942 |2 ddc  |c BK 
952 |0 0  |1 0  |2 ddc  |4 0  |6 AR_868_400000000000000_PIÑ_1992  |7 0  |8 A  |9 598130  |a BIBEDU  |b BIBEDU  |d 2024-11-19  |e Donación  |i 5663303  |o Ar868.4 PIÑ 1992  |p 5663303  |r 2024-11-19  |t 1  |w 2024-11-19  |y BK  |k EDU